|
|
|
|
| LEADER |
00718nam a22002172a 4500 |
| 001 |
000041555 |
| 003 |
CZ BrMZK |
| 005 |
19951201143423.0 |
| 008 |
951201m19669999xr f cze d |
| 015 |
|
|
|a cnb000491453
|
| 035 |
|
|
|a (OCoLC)42093028
|
| 040 |
|
|
|a BOA001
|b cze
|
| 100 |
1 |
|
|a Ráb, Miloš,
|d 1928-
|7 jk01101825
|4 aut
|
| 245 |
1 |
0 |
|a Experimentální řešení diferenciálních rovnic /
|c Miloš Ráb
|
| 250 |
|
|
|a 1/1 nezměn. vyd.
|
| 260 |
|
|
|a Praha :
|b SPN,
|c 1966
|
| 300 |
|
|
|a 98 s.
|
| 910 |
|
|
|a BOA001
|b PK-N-0009.310
|
| 964 |
|
|
|a Rovnice diferenciální - řešení - učebnice - školy vysoké
|
| 990 |
|
|
|a BK
|
| 996 |
7 |
|
|b 3119988325
|c PK-N-0009.310
|l MZK
|r Sklad / do 1 hodiny
|n 5
|w 000041555
|u 000010
|a 1
|e BOA001
|j MZK50
|s A
|